Classifica Marcatori Porto All-Time - Statistics

Statistiche generali
  • Questo quiz è stato fatto 4 volte
  • Il punteggio medio è 5 su 10
Statistiche sulle risposte
Gol Nazione Calciatore % Corretto
86 Iran Mehdi Taremi
100%
72 Colombia Radamel Falcao
100%
92 Colombia Jackson Martínez
50%
72 Mali / Francia Moussa Marega
50%
58 Camerun Vincent Aboubakar
50%
77 Brasile Hulk
25%
63 Argentina Lisandro López
25%
60 Argentina Lucho González
25%
65 Brasile Tiquinho Soares
25%
136 Brasile Jardel
0%
Nessun quiz corrispondente trovato
Distribuzione punteggi
Percentuale di utenti per punteggio
Percentile per numero di risposta
I tuoi punteggi nel tempo
Non hai fatto questo quiz